Desarrollo humano (Registro nro. 2229)

Detalles MARC
000 -LEADER
fixed length control field 01115 a2200229 4500
001 - CONTROL NUMBER
control field 32007
005 - DATE AND TIME OF LATEST TRANSACTION
control field 20260407155621.0
008 - FIXED-LENGTH DATA ELEMENTS--GENERAL INFORMATION
fixed length control field 260407a1992 arg spa d
003 - CONTROL NUMBER IDENTIFIER
control field AR-UNSa-BCEJYS
040 ## - CATALOGING SOURCE
Original cataloging agency AR-UNSa-BCEJYS
Language of cataloging spa
Transcribing agency AR-UNSa-BCEJYS
080 ## - UNIVERSAL DECIMAL CLASSIFICATION NUMBER
Universal Decimal Classification number 316.42
Common auxiliary subdivision Cambio social en sociedades globales. Desarrollo social. Sociología del desarrollo (Desarrollo Humano)
020 ## - INTERNATIONAL STANDARD BOOK NUMBER
International Standard Book Number 958-601-382-0
041 ## - LANGUAGE CODE
Language code of text/sound track or separate title spa
100 1# - MAIN ENTRY--PERSONAL NAME
Personal name Programa de las Naciones Unidas para el Desarrollo (PNUD)
245 10 - TITLE STATEMENT
Title Desarrollo humano
Name of part/section of a work informe 1992
264 #1 - PRODUCTION, PUBLICATION, DISTRIBUTION, MANUFACTURE, AND COPYRIGHT NOTICE
Place of production, publication, distribution, manufacture Bogotá :
Name of producer, publisher, distributor, manufacturer Tercer Mundo Editores
Date of production, publication, distribution, manufacture, or copyright notice 1992
300 ## - PHYSICAL DESCRIPTION
Extent 286 p.
Dimensions 23 cm.
505 ## - FORMATTED CONTENTS NOTE
Formatted contents note 1. Concepto y medición del desarrollo humano - 2. Libertad política y desarrollo humano - 3. La brecha creciente en oportunidades internacionales - 4. Mercados internacionales, naciones pobres, personas pobres - 5. Una nueva visión sobre el desarrollo humano internacional
590 ## - LOCAL NOTE (RLIN)
Local note niveau_biblio:m niveau_hierar:0
856 41 - ELECTRONIC LOCATION AND ACCESS
Uniform Resource Identifier <a href="https://biblioeco.unsa.edu.ar/pmb/images/libros/Desarrollo humano informe 1992-l125136.jpg">https://biblioeco.unsa.edu.ar/pmb/images/libros/Desarrollo humano informe 1992-l125136.jpg</a>
Link text Imagen de portada
Electronic format type image/jpeg
942 ## - ADDED ENTRY ELEMENTS (KOHA)
Koha item type
Existencias
Withdrawn status Lost status Damaged status Not for loan Home library Current library Shelving location Date acquired Total checkouts Full call number Barcode Date last seen Price effective from Koha item type
        Biblioteca Prof. Eusebio Cleto del Rey Biblioteca Prof. Eusebio Cleto del Rey   07/04/2026   316.42 P962/92 L86788 07/04/2026 07/04/2026 Libro
        Biblioteca Prof. Eusebio Cleto del Rey Biblioteca Prof. Eusebio Cleto del Rey   07/04/2026   316.42 P962/92 L125136 07/04/2026 07/04/2026 Libro